LEADER 01125oam 2200397zu 450 001 996207491203316 005 20210807004646.0 010 $a1-4673-2576-7 035 $a(CKB)3420000000000880 035 $a(SSID)ssj0000781040 035 $a(PQKBManifestationID)12371901 035 $a(PQKBTitleCode)TC0000781040 035 $a(PQKBWorkID)10803969 035 $a(PQKB)10407640 035 $a(NjHacI)993420000000000880 035 $a(EXLCZ)993420000000000880 100 $a20160829d2012 uy 101 0 $aeng 135 $aur||||||||||| 181 $ctxt 182 $cc 183 $acr 200 10$a2012 IEEE/ASME International Conference on Advanced Intelligent Mechatronics 210 31$a[Place of publication not identified]$cIEEE$d2012 215 $a1 online resource 300 $aBibliographic Level Mode of Issuance: Monograph 311 $a1-4673-2575-9 606 $aMechatronics$vCongresses 615 0$aMechatronics 676 $a621 702 $aieee 801 0$bPQKB 906 $aPROCEEDING 912 $a996207491203316 996 $a2012 IEEE$92494644 997 $aUNISA